| 000 | 004060000a22001690004500 | ||
|---|---|---|---|
| 003 | MACL | ||
| 005 | 20160123143804.0 | ||
| 008 | 160123b xxu||||| |||| 00| 0 eng d | ||
| 040 |
_aMACL _cMACL |
||
| 041 | _aEnglish | ||
| 082 | _a540/KAP | ||
| 100 |
_aKapil, PN _934324 |
||
| 245 | _aObjective Chemistry | ||
| 260 |
_bS. Dinesh & Co _aNew Delhi |
||
| 650 |
_aChemistry _934325 |
||
| 942 |
_cBK _k540/kap _2ddc |
||
| 999 |
_c32806 _d32806 |
||